[Event "24th Abu Dhabi Masters"]
[Site "Abu Dhabi UAE"]
[Date "2017.08.20"]
[Round "7.5"]
[White "Adly, Ahmed"]
[Black "Ter-Sahakyan, Samvel"]
[Result "1-0"]
[WhiteTitle "GM"]
[BlackTitle "GM"]
[WhiteElo "2619"]
[BlackElo "2577"]
[WhiteFideId "10601619"]
[BlackFideId "13302531"]
[EventDate "2017.08.14"]

1. d4 d5 2. c4 e6 3. Nf3 Nf6 4. Nc3 Nbd7 5. e3 a6 6. cxd5 exd5 7. g3 Bd6 8. Bg2
O-O 9. Nh4 Nb6 10. O-O Re8 11. Qc2 Be6 12. b3 c6 13. a4 a5 14. Ba3 Bxa3 15. Rxa3
Nc8 16. Ne2 Nd6 17. Nf4 Bd7 18. Nd3 Qc8 19. Ra2 Bh3 20. Rb1 Bxg2 21. Kxg2 Nfe4
22. Nf3 Re6 23. Ng1 Rh6 24. f3 Nf6 25. Re1 g5 26. h3 Rg6 27. Ne5 Rg7 28. g4 h5
29. Ne2 Qe6 30. Ng3 h4 31. Nf5 Nxf5 32. Qxf5 Re8 33. Rc2 Qxf5 34. gxf5 Nh5 35.
Ng4 f6 36. e4 Rge7 37. e5 Rf8 38. Kh2 Ng3 39. Rg2 Nxf5 40. Nxf6+ Rxf6 41. Rxg5+
Kf8 42. Reg1 Ng3 43. exf6 Re3 44. Rg4 Re2+ 45. Rg2 Re1 46. Rf2 Kf7 47. Rxh4 Nf1+
48. Rxf1 Rxf1 49. Kg3 Kxf6 50. Rh7 b5 51. Rh6+ Kf5 52. axb5 cxb5 53. Rd6 Rg1+
54. Kf2 Ra1 55. Rxd5+ Kf4 56. Rxb5 Ra2+ 57. Ke1 a4 58. d5 a3 59. Ra5 Ke3 60. Kd1
Kd3 61. Kc1 Kc3 62. Kb1 Rd2 63. Rb5 Rf2 64. d6 Rd2 65. Rb6 1-0

[Event "24th Abu Dhabi Masters"]
[Site "Abu Dhabi UAE"]
[Date "2017.08.20"]
[Round "7.6"]
[White "Idani, Pouya"]
[Black "Mamedov, Rauf"]
[Result "0-1"]
[WhiteTitle "GM"]
[BlackTitle "GM"]
[WhiteElo "2569"]
[BlackElo "2680"]
[WhiteFideId "12510130"]
[BlackFideId "13401653"]
[EventDate "2017.08.14"]

1. Nf3 Nf6 2. d4 g6 3. c4 Bg7 4. g3 b6 5. Bg2 Bb7 6. O-O O-O 7. d5 c5 8. Nc3 d6
9. e4 Nbd7 10. h3 b5 11. cxb5 a6 12. bxa6 Bxa6 13. Re1 Ne8 14. Bf4 h6 15. Qc2 g5
16. Bd2 Rb8 17. Nd1 e6 18. Rb1 Qf6 19. Bc3 Qg6 20. Bxg7 Nxg7 21. Nc3 Nb6 22.
Rbd1 e5 23. Nh2 f5 24. exf5 Qxf5 25. Qxf5 Nxf5 26. b3 Nd4 27. Ng4 Nc2 28. Nxh6+
Kg7 29. Ng4 Nxe1 30. Rxe1 Rbd8 31. Ne3 Bd3 32. Rd1 Bg6 33. Rd2 Rf7 34. a4 Ra8
35. Nb5 Rd7 36. Bf1 Be4 37. Be2 Kf6 38. Bg4 Rdd8 39. Nc3 Bg6 40. Be2 Ke7 41. Ra2
Ra5 42. f3 Rb8 43. Rd2 Rf8 44. Kg2 Raa8 45. Ne4 g4 46. hxg4 Bxe4 47. fxe4 Kf6
48. Ra2 Kg5 49. Ra1 Nd7 50. Nf5 Rab8 51. Rb1 c4 52. Bxc4 Nf6 53. Re1 Nxg4 54. a5
Rb7 55. a6 Rh7 56. Rh1 Rxh1 57. Kxh1 Nf2+ 58. Kg2 Nxe4 59. Ne3 Rf2+ 60. Kg1 Ra2
61. b4 Ra3 62. Nc2 Rxg3+ 63. Kh2 Rc3 64. Bd3 Nf2 65. a7 Rc8 66. Ba6 Ra8 67. b5
Rxa7 68. Nb4 Ne4 69. b6 Rh7+ 70. Kg2 Nc5 71. Bc8 Rh8 0-1

[Event "24th Abu Dhabi Masters"]
[Site "Abu Dhabi UAE"]
[Date "2017.08.20"]
[Round "7.7"]
[White "Lupulescu, Constantin"]
[Black "Bernadskiy, Vitaliy"]
[Result "1/2-1/2"]
[WhiteTitle "GM"]
[BlackTitle "GM"]
[WhiteElo "2637"]
[BlackElo "2562"]
[WhiteFideId "1207822"]
[BlackFideId "14100371"]
[EventDate "2017.08.14"]

1. d4 d5 2. c4 e6 3. Nc3 Ne7 4. Nf3 Nbc6 5. Bf4 a6 6. e3 g6 7. Be2 Bg7 8. O-O
O-O 9. cxd5 exd5 10. Rc1 h6 11. h3 b6 12. a3 Bb7 13. b4 Nf5 14. Qb3 Nce7 15. a4
c6 16. Rfd1 b5 17. e4 dxe4 18. Nxe4 Nd5 19. Be5 bxa4 20. Qxa4 Qe7 21. Nc5 f6 22.
Nxb7 fxe5 23. Na5 Nxd4 24. Nxd4 exd4 25. Bc4 Kh7 26. Nxc6 Qg5 27. Bxd5 Qxd5 28.
Qc2 Rae8 29. Qc5 Qf7 30. Qc2 Qf4 31. g3 Qe4 32. Qxe4 Rxe4 33. Rc2 Rfe8 34. Kf1
R8e6 35. Rc4 Rd6 36. Rd3 Re8 37. Na5 Rb8 38. Nb3 Rdb6 39. Rc7 R8b7 40. Rxb7 Rxb7
41. Nc5 Rxb4 42. Rf3 a5 43. Rf7 Kg8 1/2-1/2

[Event "24th Abu Dhabi Masters"]
[Site "Abu Dhabi UAE"]
[Date "2017.08.20"]
[Round "7.9"]
[White "Parligras, Mircea-Emilian"]
[Black "Sviridov, Valery"]
[Result "1-0"]
[WhiteTitle "GM"]
[WhiteElo "2616"]
[BlackElo "2519"]
[WhiteFideId "1204297"]
[BlackFideId "4120680"]
[EventDate "2017.08.14"]

1. d4 d6 2. e4 Nf6 3. Bd3 g6 4. Nf3 Bg7 5. O-O O-O 6. Re1 Nc6 7. c3 e5 8. h3 Re8
9. d5 Nb8 10. c4 a5 11. Nc3 Na6 12. a3 Nc5 13. Bc2 Nh5 14. Bg5 f6 15. Be3 Nf4
16. Qd2 Bh6 17. Kh2 g5 18. b4 Na6 19. Ng1 Rf8 20. c5 Bd7 21. Rab1 axb4 22. axb4
Bg7 23. c6 bxc6 24. dxc6 Be8 25. Na4 f5 26. b5 fxe4 27. Bxe4 Nb8 28. Nc3 Bf7 29.
Nd5 g4 30. g3 Ra4 31. Bh1 gxh3 32. gxf4 exf4 33. Nxf4 Ra2 34. Qb4 Qh4 35. Re2
Qg4 36. Bf3 1-0

[Event "24th Abu Dhabi Masters"]
[Site "Abu Dhabi UAE"]
[Date "2017.08.20"]
[Round "7.10"]
[White "Gabuzyan, Hovhannes"]
[Black "Hovhannisyan, Robert"]
[Result "1/2-1/2"]
[WhiteTitle "GM"]
[BlackTitle "GM"]
[WhiteElo "2566"]
[BlackElo "2606"]
[WhiteFideId "13303732"]
[BlackFideId "13302507"]
[EventDate "2017.08.14"]

1. Nf3 d5 2. c4 e6 3. g3 dxc4 4. Qa4+ Bd7 5. Qxc4 c5 6. Bg2 Bc6 7. O-O Nf6 8. d3
Be7 9. Qc2 O-O 10. Nc3 Nbd7 11. e4 Rc8 12. d4 cxd4 13. Nxd4 e5 14. Nxc6 Rxc6 15.
Qe2 Bc5 16. Rd1 a6 17. Bh3 Bd4 18. Bg5 h6 19. Be3 Rd6 20. Bg2 Qe7 21. Rd2 Bxe3
22. Qxe3 Rxd2 23. Qxd2 Nb8 24. Nd5 Qd6 25. Rc1 Nc6 26. Nxf6+ Qxf6 27. Qd7 Nd4
28. Rc8 b5 29. Rxf8+ Kxf8 30. Qc8+ Ke7 31. Qc7+ Kf8 32. Qc8+ Ke7 33. Qc7+ 1/2-1/2

[Event "24th Abu Dhabi Masters"]
[Site "Abu Dhabi UAE"]
[Date "2017.08.20"]
[Round "7.11"]
[White "Maghsoodloo, Parham"]
[Black "Aryan, Chopra"]
[Result "0-1"]
[WhiteTitle "GM"]
[BlackTitle "GM"]
[WhiteElo "2590"]
[BlackElo "2507"]
[WhiteFideId "12539929"]
[BlackFideId "5084423"]
[EventDate "2017.08.14"]

1. d4 Nf6 2. c4 g6 3. Nc3 Bg7 4. e4 d6 5. Nf3 O-O 6. Be2 e5 7. O-O Nc6 8. d5 Ne7
9. Ne1 Nd7 10. Be3 f5 11. f3 f4 12. Bf2 g5 13. Rc1 Ng6 14. c5 Nxc5 15. b4 Na6
16. Nd3 h5 17. Nb5 b6 18. Be1 Rf7 19. Nf2 Bh6 20. Rc4 Nf8 21. Bd2 Rg7 22. h3 Nh7
23. Qc2 Nf6 24. Rc1 Ne8 25. a4 Bd7 26. Qb2 Bxb5 27. axb5 Nb8 28. Ra1 Nd7 29. Rc3
Nf8 30. Ra4 Nf6 31. Rca3 Ng6 32. Rxa7 Rxa7 33. Rxa7 Kh7 34. Qc2 Qd7 35. Ra3 Qf7
36. Be1 Qd7 37. Kf1 Nh4 38. Qc6 Qf7 39. Ra7 g4 40. fxg4 f3 41. Bxf3 hxg4 42.
hxg4 Be3 43. Ke2 Bd4 44. Ra3 Qg6 45. Qc1 Rf7 46. Qc4 Kg7 47. Qd3 Nh7 48. Nh3
Nxg2 49. Bg3 Ne3 50. Nf2 Ng5 51. Bh1 Nh3 52. g5 Nxf2 53. Bxf2 Qh5+ 0-1

[Event "24th Abu Dhabi Masters"]
[Site "Abu Dhabi UAE"]
[Date "2017.08.20"]
[Round "7.12"]
[White "Abdusattorov, Nodirbek"]
[Black "Andersen, Mads"]
[Result "1-0"]
[WhiteTitle "IM"]
[BlackTitle "GM"]
[WhiteElo "2470"]
[BlackElo "2586"]
[WhiteFideId "14204118"]
[BlackFideId "1413864"]
[EventDate "2017.08.14"]

1. d4 d5 2. c4 e6 3. Nf3 Nf6 4. Nc3 Be7 5. Bg5 Nbd7 6. e3 h6 7. Bh4 O-O 8. Rc1
c5 9. dxc5 Nxc5 10. cxd5 g5 11. Bg3 Nxd5 12. Nxd5 Qxd5 13. Qxd5 exd5 14. Be2 Bd7
15. O-O Rac8 16. Be5 Ne4 17. Bd4 a6 18. Ne5 Rxc1 19. Rxc1 Rc8 20. Rxc8+ Bxc8 21.
Nd3 Kf8 22. f3 Nd6 23. Kf2 Nf5 24. Bc3 h5 25. Bd1 Be6 26. Bb3 Ke8 27. g3 Kd7 28.
h3 Kc6 29. g4 hxg4 30. hxg4 Nh4 31. f4 f5 32. gxf5 Bxf5 33. Ne5+ Kc7 34. Bxd5
gxf4 35. exf4 Bc2 36. Nc4 Nf5 37. Be5+ Kd8 38. Bxb7 Bd3 39. Bxa6 Bc5+ 40. Kf3
Nh4+ 41. Kg4 Ng6 42. Bf6+ Kc7 43. f5 Nf8 44. Bb5 1-0

[Event "24th Abu Dhabi Masters"]
[Site "Abu Dhabi UAE"]
[Date "2017.08.20"]
[Round "7.13"]
[White "Indjic, Aleksandar"]
[Black "Puranik, Abhimanyu"]
[Result "0-1"]
[WhiteTitle "GM"]
[BlackTitle "IM"]
[WhiteElo "2581"]
[BlackElo "2495"]
[WhiteFideId "911925"]
[BlackFideId "5061245"]
[EventDate "2017.08.14"]

1. d4 Nf6 2. Nf3 g6 3. Bg5 Bg7 4. c3 O-O 5. Nbd2 d6 6. e3 Nbd7 7. Bd3 e5 8. O-O
Qe8 9. e4 h6 10. Bh4 Nh5 11. Re1 Kh8 12. a4 f5 13. exf5 gxf5 14. Qc2 Qe6 15. Bg3
Nxg3 16. hxg3 Rf6 17. Re2 e4 18. Nxe4 fxe4 19. Rxe4 Qf7 20. Rae1 Nf8 21. Re8 b6
22. R1e7 Qh5 23. Be4 d5 24. Re5 Qg4 25. Bxd5 Bf5 26. Qe2 Rxe8 27. Rxe8 Be6 28.
Qe5 Qg6 29. Ra8 Bxd5 30. Qxd5 Qb1+ 31. Kh2 Qxb2 32. Rxa7 Qxf2 33. Nh4 Qe1 34.
Nf5 Qxc3 35. Ra8 Qc6 36. Ne7 Qxd5 37. Nxd5 Rf7 38. Rc8 Bxd4 39. Nxc7 Kg7 40.
Ne8+ Kg8 41. Rc4 Rd7 42. Rc6 Be5 43. Nf6+ Bxf6 44. Rxf6 Rb7 45. g4 Kg7 46. Rc6
Nd7 47. Kh3 Nf6 48. Kh4 Ra7 49. Rc4 Ra5 50. Rb4 Kg6 51. Rxb6 Rxa4 52. Kh3 Re4
53. Ra6 Re3+ 54. Kh4 Re1 55. Kh3 Re5 56. Kh4 Rd5 57. Rb6 Kg7 58. Rb7+ Kg6 59.
Rb6 Rd4 60. Kh3 Kg5 61. Rb5+ Rd5 62. Rb4 Rd3+ 63. g3 Rd1 64. Rb5+ Kg6 65. Rb6
Rd4 66. Ra6 Rd5 67. Ra4 Re5 68. Rc4 Ne4 69. Kh4 Ng5 70. Rc6+ Re6 71. Rc3 Rf6 72.
Ra3 Re6 73. Rb3 Nh7 74. Ra3 Ng5 75. Rb3 Nf7 76. Ra3 Re2 77. Ra6+ Kg7 78. g5 Nxg5
79. Kh5 Rh2+ 80. Kg4 Nh7 81. Kf5 Rf2+ 82. Kg4 Nf6+ 83. Kh3 Kg6 84. Rb6 Rd2 85.
Ra6 Kg5 86. Ra5+ Rd5 87. Ra4 Nh5 88. Rg4+ Kf6 89. Ra4 Ng7 90. Ra6+ Kg5 91. Ra4
Re5 92. Rg4+ Kf6 93. Rf4+ Kg6 94. Rg4+ Rg5 95. Ra4 Ne6 96. Kh4 Rh5+ 97. Kg4 Rd5
98. Ra6 Rd4+ 99. Kh3 Kf6 100. g4 Re4 101. Kh4 Kg6 102. Kh3 Kh7 103. Ra7+ Ng7
104. Ra3 Ne8 105. Ra6 Kg7 106. Ra7+ Kg6 107. Ra6+ Nf6 108. Rb6 Re5 109. Kh4 Re1
110. Ra6 Re7 111. Rb6 Kg7 112. Ra6 Re4 113. Ra7+ Kg6 114. Kh3 Rxg4 115. Ra5 h5
116. Rb5 Rd4 117. Ra5 Ne4 118. Ra6+ Rd6 119. Ra5 Ng5+ 120. Kg3 Rd3+ 121. Kg2 h4
122. Ra4 Rd2+ 123. Kh1 Kh5 124. Rf4 Re2 125. Ra4 h3 126. Ra3 Kg4 127. Ra1 Kg3
128. Rg1+ Rg2 129. Rf1 Rh2+ 130. Kg1 Rd2 131. Kh1 Nf3 0-1

[Event "24th Abu Dhabi Masters"]
[Site "Abu Dhabi UAE"]
[Date "2017.08.20"]
[Round "7.14"]
[White "Ghaem Maghami, Ehsan"]
[Black "Fier, Alexandr"]
[Result "1/2-1/2"]
[WhiteTitle "GM"]
[BlackTitle "GM"]
[WhiteElo "2540"]
[BlackElo "2579"]
[WhiteFideId "12500739"]
[BlackFideId "2107139"]
[EventDate "2017.08.14"]

1. d4 Nf6 2. Nf3 g6 3. Bf4 Bg7 4. e3 d6 5. h3 O-O 6. Be2 b6 7. O-O Bb7 8. c3
Nbd7 9. a4 a5 10. Na3 Ne4 11. Bh2 e6 12. Nb5 Rc8 13. Na7 Ra8 14. Nb5 Rc8 15. Na7
Ra8 1/2-1/2

[Event "24th Abu Dhabi Masters"]
[Site "Abu Dhabi UAE"]
[Date "2017.08.20"]
[Round "7.15"]
[White "Sangma, Rahul"]
[Black "Rozum, Ivan"]
[Result "1/2-1/2"]
[WhiteTitle "IM"]
[BlackTitle "GM"]
[WhiteElo "2325"]
[BlackElo "2579"]
[WhiteFideId "5013615"]
[BlackFideId "24104272"]
[EventDate "2017.08.14"]

1. e4 d6 2. d4 Nf6 3. Nc3 g6 4. h3 Bg7 5. Nf3 O-O 6. Bc4 e6 7. O-O Nc6 8. Re1 a6
9. d5 exd5 10. Nxd5 h6 11. c3 Re8 12. Nxf6+ Qxf6 13. Bd5 Be6 14. Be3 g5 15. Bxc6
bxc6 16. Bd4 Qg6 17. Bxg7 Kxg7 18. Nd4 Bd7 19. Qf3 Re5 20. Nf5+ Kh7 21. g4 Qf6
22. Re3 Rae8 23. Ng3 Qxf3 24. Rxf3 Kg6 25. c4 a5 26. Rc3 Be6 27. Rac1 Rb8 28.
R1c2 Rb4 29. a3 Ra4 30. f3 Rc5 31. Nf5 Raxc4 32. Rxc4 Rxc4 33. Ne7+ Kf6 34. Rxc4
Bxc4 35. Nxc6 a4 36. Kf2 Bb5 37. Nd4 Bd7 38. Ke3 Ke5 39. b4 axb3 40. Nxb3 d5 41.
exd5 Kxd5 42. Nd2 Bb5 43. f4 gxf4+ 44. Kxf4 c5 45. Ke3 Bd7 46. Ne4 Bc6 47. Nf6+
Kc4 48. Kd2 Kb3 49. Kc1 Bg2 50. Ng8 Bxh3 51. Nxh6 Kxa3 1/2-1/2

[Event "24th Abu Dhabi Masters"]
[Site "Abu Dhabi UAE"]
[Date "2017.08.20"]
[Round "7.16"]
[White "Deac, Bogdan-Daniel"]
[Black "Vignesh, N R"]
[Result "0-1"]
[WhiteTitle "GM"]
[BlackTitle "IM"]
[WhiteElo "2573"]
[BlackElo "2448"]
[WhiteFideId "1226380"]
[BlackFideId "25012215"]
[EventDate "2017.08.14"]

1. e4 c5 2. Nf3 d6 3. d4 cxd4 4. Nxd4 Nf6 5. Nc3 a6 6. h4 e5 7. Nb3 Nc6 8. Bg5
Be7 9. Qd2 h6 10. Bxf6 Bxf6 11. g3 Bg4 12. Bh3 Bf3 13. Rg1 Nd4 14. Qd3 O-O 15.
Kd2 Re8 16. Rae1 g5 17. Nd5 g4 18. Bf1 Bg7 19. c3 Bxe4 20. Qxe4 f5 21. Qg2 Nf3+
22. Kd1 Nxe1 23. Kxe1 e4 24. Ne3 b5 25. Nxf5 b4 26. Kd2 bxc3+ 27. bxc3 d5 28.
Be2 Bxc3+ 29. Kxc3 Qc8+ 30. Kd2 Qxf5 31. Rd1 d4 32. Bc4+ Kh8 33. Rc1 Rac8 34.
Kd1 Rc6 35. Qf1 Qf3+ 36. Be2 Rxc1+ 37. Nxc1 Qa3 38. Bxg4 d3 39. Bd7 Qc3 0-1

[Event "24th Abu Dhabi Masters"]
[Site "Abu Dhabi UAE"]
[Date "2017.08.20"]
[Round "7.17"]
[White "Stupak, Kirill"]
[Black "Eggleston, David J"]
[Result "1-0"]
[WhiteTitle "GM"]
[BlackTitle "IM"]
[WhiteElo "2573"]
[BlackElo "2380"]
[WhiteFideId "13503758"]
[BlackFideId "412120"]
[EventDate "2017.08.14"]

1. g3 Nf6 2. c4 e6 3. Bg2 d5 4. Nf3 Be7 5. d4 O-O 6. O-O dxc4 7. Ne5 Nc6 8. Bxc6
bxc6 9. Nxc6 Qe8 10. Nxe7+ Qxe7 11. Qc2 c5 12. Qxc4 cxd4 13. Qxd4 e5 14. Qh4 h6
15. Nc3 Bb7 16. Be3 Qe6 17. f3 Rfc8 18. Rfd1 e4 19. Bd4 exf3 20. exf3 Bxf3 21.
Re1 Qf5 22. Qf4 Qxf4 23. gxf4 Rc4 24. Kf2 Bh5 25. Ke3 Rc6 26. h3 Rb8 27. b3 Rd8
28. Be5 Nd7 29. Bd4 Nb6 30. f5 Rcd6 31. Nb5 Rd5 32. a4 Rxf5 33. Rf1 Nd5+ 34. Kd3
Nf4+ 35. Ke3 Re8+ 36. Kd2 Re2+ 37. Kc3 Nd5+ 38. Kd3 Nf4+ 39. Kc4 Rc2+ 40. Kb4 a6
41. Nd6 Nd3+ 42. Ka3 Rd5 43. Nf5 Kh7 44. Ne3 Rxd4 45. Nxc2 Rh4 46. Rh1 Re4 47.
Rh2 Be2 48. Nd4 Bh5 49. Nc2 f5 50. Rd2 Be2 51. Nd4 Rxd4 52. Rxe2 Nf4 53. Re5
Nxh3 54. Rxf5 Nf4 55. Rc1 g5 56. Rf6 Rd7 57. Rxa6 h5 58. Rac6 h4 59. a5 h3 60.
Rc7 Rxc7 61. Rxc7+ Kg6 62. a6 Nd5 63. Rc6+ Kf5 64. Rc5 h2 65. Rxd5+ Ke4 66. Rd1
g4 67. a7 Ke5 1-0

[Event "24th Abu Dhabi Masters"]
[Site "Abu Dhabi UAE"]
[Date "2017.08.20"]
[Round "7.18"]
[White "Stegariu, Vlad-Ionut"]
[Black "Korobov, Anton"]
[Result "0-1"]
[BlackTitle "GM"]
[WhiteElo "2244"]
[BlackElo "2668"]
[WhiteFideId "1217860"]
[BlackFideId "14105730"]
[EventDate "2017.08.14"]

1. d4 Nf6 2. Nf3 e6 3. c4 c5 4. Nc3 cxd4 5. Nxd4 Nc6 6. Nc2 d5 7. cxd5 exd5 8.
e3 Bd6 9. Be2 O-O 10. O-O Re8 11. Bf3 Bf5 12. Nd4 Bg6 13. Nxc6 bxc6 14. b3 Qb8
15. h3 Nd7 16. Bb2 Ne5 17. Be2 Nc4 18. Qc1 Nxb2 19. Qxb2 Bh2+ 20. Kh1 Be5 21. f4
Bf6 22. f5 Bh5 23. Bxh5 Rxe3 24. Rf3 Bxc3 25. Qxc3 Rxc3 26. Rxc3 Qd6 27. Rac1
Rc8 28. Rc5 d4 29. Bf3 d3 30. Rxc6 Rxc6 31. Rxc6 Qd7 32. Rc1 Qxf5 33. b4 d2 34.
Rd1 Qe5 35. b5 f5 36. a4 g5 37. a5 g4 38. hxg4 Qe1+ 39. Kh2 Qh4+ 40. Kg1 fxg4
41. Bxg4 Qxg4 42. Rxd2 Qb4 43. Rd8+ Kf7 44. Rd7+ Ke6 45. Rb7 Qxa5 46. Rxh7 Qxb5
47. Rh6+ Ke5 0-1

[Event "24th Abu Dhabi Masters"]
[Site "Abu Dhabi UAE"]
[Date "2017.08.20"]
[Round "7.19"]
[White "Wagner, Dennis"]
[Black "Neelotpal, Das"]
[Result "1-0"]
[WhiteTitle "GM"]
[BlackTitle "GM"]
[WhiteElo "2563"]
[BlackElo "2441"]
[WhiteFideId "24650684"]
[BlackFideId "5003512"]
[EventDate "2017.08.14"]

1. e4 e5 2. Nf3 Nc6 3. Bb5 a6 4. Ba4 Nf6 5. O-O Be7 6. d3 b5 7. Bb3 d6 8. a4 Bd7
9. c3 O-O 10. Bc2 b4 11. Nbd2 Rb8 12. Re1 Re8 13. Nc4 bxc3 14. bxc3 h6 15. a5
Bf8 16. h3 g6 17. Bd2 Bg7 18. Ne3 Ne7 19. Bb3 c5 20. Qc2 Nc6 21. Qa2 Be6 22.
Bxe6 Rxe6 23. Reb1 Rxb1+ 24. Rxb1 Qxa5 25. Qxa5 Nxa5 26. Ra1 Nb3 27. Rxa6 Bf8
28. Rb6 Nxd2 29. Nxd2 d5 30. Nxd5 Nxd5 31. Rxe6 fxe6 32. exd5 exd5 33. c4 dxc4
34. dxc4 Kf7 35. Kf1 Kf6 36. Ke2 h5 37. Kf3 Kf5 38. Ne4 Be7 39. g4+ hxg4+ 40.
hxg4+ Ke6 41. Nc3 Bh4 42. Ke3 Bg5+ 43. Ke4 Bh4 44. Ke3 Bg5+ 45. Ke4 Bh4 46. f3
Bd8 47. Na4 Be7 48. Nb2 g5 49. Nd3 Bd6 50. Nf2 Bf8 51. Kd3 Be7 52. Ne4 Kd7 53.
Nc3 Bd8 54. Na4 Be7 55. Nb2 Ke6 56. Ke4 Bf8 57. Nd1 Be7 58. Nf2 Bf8 59. Kd3 Be7
60. Kc2 Kd7 61. Nd3 Bd6 62. Kd2 Ke6 63. Kd1 Kd7 64. Kc2 Kc6 65. Kd2 Kd7 66. Ke3
Ke7 67. Nf2 Ke6 68. Kd2 Be7 69. Kc2 Kd7 70. Kb3 Kc6 71. Ka4 Kb6 72. Ne4 Ka6 73.
Nc3 Bd8 74. Nd5 Ba5 75. Nf6 Bd8 76. Nd7 Be7 77. Nxe5 Kb6 78. Nd3 Bd6 79. Nf2 Bf4
80. Ne4 Bc1 81. Nc3 Kc6 82. Kb3 Bf4 83. Kc2 Bd6 84. Kd3 Kb6 85. Ke4 Ka5 86. Kd5
Be7 87. Ne2 Kb4 88. f4 1-0

[Event "24th Abu Dhabi Masters"]
[Site "Abu Dhabi UAE"]
[Date "2017.08.20"]
[Round "7.20"]
[White "Mekhitarian, Krikor Sevag"]
[Black "Pazos Porta, Antonio"]
[Result "1-0"]
[WhiteTitle "GM"]
[BlackTitle "FM"]
[WhiteElo "2534"]
[BlackElo "2325"]
[WhiteFideId "2107660"]
[BlackFideId "2263190"]
[EventDate "2017.08.14"]

1. e4 e6 2. d4 d5 3. Nd2 Nf6 4. e5 Ne4 5. Nxe4 dxe4 6. Bc4 a6 7. Ne2 b5 8. Bb3
c5 9. c3 Bb7 10. O-O Nc6 11. Be3 Be7 12. Ng3 cxd4 13. cxd4 h5 14. Nxh5 g6 15.
Nf4 Nb4 16. Rc1 Bg5 17. Nxe6 fxe6 18. Qg4 Bd5 19. Bxg5 Qd7 20. Bf6 Rg8 21. Bxd5
Nxd5 22. Qxe4 Rc8 23. Bg5 Kf7 24. Rc5 Rxc5 25. dxc5 Rc8 26. b4 a5 27. a3 axb4
28. axb4 Ra8 29. h4 Kg7 30. Bf6+ Kh6 31. Rc1 Ra4 32. c6 Qc7 33. Qg4 Rxb4 34.
Qg5+ Kh7 35. h5 gxh5 36. Qxh5+ Kg8 37. Qh8+ 1-0

[Event "24th Abu Dhabi Masters"]
[Site "Abu Dhabi UAE"]
[Date "2017.08.20"]
[Round "7.21"]
[White "Harika, Dronavalli"]
[Black "Suleymanli, Aydin"]
[Result "1-0"]
[WhiteTitle "GM"]
[BlackTitle "CM"]
[WhiteElo "2526"]
[BlackElo "2328"]
[WhiteFideId "5015197"]
[BlackFideId "13413937"]
[EventDate "2017.08.14"]

1. c4 c6 2. Nf3 Nf6 3. e3 d5 4. Nc3 e6 5. b3 Nbd7 6. Qc2 Bd6 7. Bb2 O-O 8. Be2
a6 9. Rg1 Qe7 10. g4 g6 11. h4 b5 12. g5 Ne8 13. h5 Bb7 14. a3 e5 15. Nh2 Ng7
16. Nd1 Ne6 17. f4 exf4 18. Ng4 d4 19. exd4 Nxg5 20. Kf1 Rae8 21. Nc3 Bc8 22. c5
Bb8 23. d5 Ne5 24. d6 Qe6 25. Nd5 Nxg4 26. Ne7+ Rxe7 27. Bxg4 Qe4 28. Qc3 f6 29.
dxe7 Qxe7 30. Re1 Ne4 31. Bxc8 Rxc8 32. hxg6 h6 33. d3 Nxc3 34. Rxe7 Nd5 35. Re6
Ba7 36. b4 a5 37. Bxf6 axb4 38. axb4 Nxb4 39. Re7 Bxc5 40. Rh7 1-0

[Event "24th Abu Dhabi Masters"]
[Site "Abu Dhabi UAE"]
[Date "2017.08.20"]
[Round "7.22"]
[White "Asgarizadeh, Ahmad"]
[Black "Nihal, Sarin"]
[Result "0-1"]
[WhiteTitle "IM"]
[BlackTitle "FM"]
[WhiteElo "2423"]
[BlackElo "2485"]
[WhiteFideId "12505684"]
[BlackFideId "25092340"]
[EventDate "2017.08.14"]

1. e4 c5 2. Nc3 d6 3. f4 g6 4. d4 cxd4 5. Qxd4 Nf6 6. Bd3 Bg7 7. Nf3 O-O 8. Qf2
Nbd7 9. O-O Nc5 10. h3 b5 11. a3 Bb7 12. Re1 a5 13. e5 Nxd3 14. cxd3 dxe5 15.
fxe5 Nd7 16. d4 b4 17. Ne4 Bd5 18. Bf4 f5 19. Ned2 e6 20. Rac1 h6 21. Nc4 g5 22.
Bd2 Nb6 23. Nd6 bxa3 24. bxa3 Nc8 25. Nxc8 Rxc8 26. Rxc8 Qxc8 27. Bxa5 Qa8 28.
Bb4 Rc8 29. h4 g4 30. Nh2 Be4 31. Nf1 Rc2 32. Re2 Rc1 33. Qf4 Rb1 34. Kh2 Qd8
35. Qf2 Rxf1 36. Qf4 Rb1 0-1

[Event "24th Abu Dhabi Masters"]
[Site "Abu Dhabi UAE"]
[Date "2017.08.20"]
[Round "7.23"]
[White "Nguyen, Anh Khoi"]
[Black "Muthaiah, AL"]
[Result "0-1"]
[WhiteTitle "IM"]
[WhiteElo "2444"]
[BlackElo "2292"]
[WhiteFideId "12404675"]
[BlackFideId "5092442"]
[EventDate "2017.08.14"]

1. d4 d5 2. c4 e6 3. Nf3 Nf6 4. g3 Be7 5. Bg2 O-O 6. O-O c6 7. Nbd2 b6 8. Qc2
Bb7 9. e4 Na6 10. a3 c5 11. exd5 exd5 12. dxc5 Nxc5 13. b4 Ne6 14. Bb2 Rc8 15.
Rfd1 dxc4 16. Nxc4 Qc7 17. Rac1 Rfd8 18. Rxd8+ Qxd8 19. Qa4 Rxc4 20. Rxc4 b5 21.
Qxb5 Qd1+ 22. Ne1 Qxe1+ 23. Bf1 Ne4 24. Rc2 Nd6 25. Qe5 Qd1 26. Qe2 Qd5 27. f3
Bd8 28. Kg2 Bb6 29. Rd2 Qg5 30. Kh1 Bxf3+ 31. Qxf3 Qxd2 32. Qe2 Qxe2 33. Bxe2
Bd4 34. Bc1 Kf8 35. Kg2 Ke7 36. Kf3 Kd7 37. h4 Kc6 38. g4 h6 39. Bd3 Bf6 40. Kg3
g5 41. hxg5 hxg5 42. Be3 Be5+ 43. Kf3 Nd4+ 44. Kf2 f6 45. Ke1 Kd5 46. a4 Nc4 0-1

[Event "24th Abu Dhabi Masters"]
[Site "Abu Dhabi UAE"]
[Date "2017.08.20"]
[Round "7.24"]
[White "Phadke, Sohan"]
[Black "Karthikeyan, Murali"]
[Result "0-1"]
[WhiteTitle "FM"]
[BlackTitle "GM"]
[WhiteElo "2111"]
[BlackElo "2579"]
[WhiteFideId "5016223"]
[BlackFideId "5074452"]
[EventDate "2017.08.14"]

1. d4 Nf6 2. Bf4 d6 3. Nc3 Nbd7 4. Nf3 c5 5. d5 a6 6. a4 g6 7. e4 Bg7 8. Be2 O-O
9. Nd2 Rb8 10. O-O b6 11. Re1 Ne8 12. Nc4 Ne5 13. Nxe5 dxe5 14. Be3 Qc7 15. f3
Nd6 16. Nb1 b5 17. axb5 axb5 18. Nd2 c4 19. Nb1 Rd8 20. b4 cxb3 21. cxb3 e6 22.
Ra7 Rb7 23. Rxb7 Qxb7 24. dxe6 Bxe6 25. Nc3 Qc8 26. Nd5 Bxd5 27. Qxd5 Qc3 28.
Bb6 Qxe1+ 0-1

[Event "24th Abu Dhabi Masters"]
[Site "Abu Dhabi UAE"]
[Date "2017.08.20"]
[Round "7.26"]
[White "Muradli, Mahammad"]
[Black "Illingworth, Max"]
[Result "1-0"]
[WhiteTitle "FM"]
[BlackTitle "GM"]
[WhiteElo "2357"]
[BlackElo "2506"]
[WhiteFideId "13409301"]
[BlackFideId "3205207"]
[EventDate "2017.08.14"]

1. Nf3 Nf6 2. c4 c5 3. Nc3 d5 4. cxd5 Nxd5 5. e3 Nxc3 6. bxc3 g6 7. h4 Bg7 8. h5
Nc6 9. Ba3 Qa5 10. Rh4 Bf5 11. Qb3 O-O 12. h6 Bf6 13. Ra4 Qc7 14. Bxc5 Na5 15.
Qa3 b6 16. Nd4 Bxd4 17. cxd4 bxc5 18. Rxa5 cxd4 19. Qc5 Qxc5 20. Rxc5 dxe3 21.
fxe3 Rfc8 22. Rac1 Rxc5 23. Rxc5 Be6 24. a3 a5 25. d4 Bb3 26. Bb5 f5 27. Kf2 Kf7
28. Kg3 Kf6 29. Rc6+ Kg5 30. Rc7 e5 31. Rxh7 exd4 32. exd4 f4+ 33. Kf2 Rc8 34.
Bd3 Bc4 35. Be4 a4 36. Rg7 Kxh6 37. Rxg6+ Kh5 38. Rc6 Rxc6 39. Bxc6 Bb3 40. d5
Kg5 41. d6 Kf6 42. d7 Ke7 43. Kf3 1-0